[Event "CONDOM 2012 OpenA "]
[Site "Condom"]
[Date "????.??.??"]
[Round "3.3"]
[White "Dumitrache, Dragos-Nicolae"]
[Black "Manea, Alexandru"]
[Result "1/2-1/2"]
[WhiteElo "2447"]
[BlackElo "2369"]
[PlyCount "25"]

1.c4 c6 2.d4 d5 3.Nf3 Nf6 4.cxd5 cxd5 5.Nc3 Nc6 6.Bf4 Bf5 7.e3 e6 8.Bd3 
Bxd3 9.Qxd3 Bd6 10.Bxd6 Qxd6 11.O-O O-O 12.Rfc1 Rfc8 13.Qb5 1/2-1/2

[Event "OPEN A"]
[Site "Condom"]
[Date "????.??.??"]
[Round "3.14"]
[White "Fantinel, Thibault"]
[Black "Zaninetti, Laurent"]
[Result "1/2-1/2"]
[WhiteElo "2089"]
[BlackElo "1981"]
[PlyCount "29"]

1.c4 e5 2.g3 Nf6 3.Bg2 d5 4.cxd5 Nxd5 5.Nf3 Nc6 6.O-O Nb6 7.d3 Be7 8.a3 a5
9.b3 Be6 10.Bb2 f6 11.Nbd2 O-O 12.Qc2 Qd7 13.Nc4 Nxc4 14.bxc4 Bc5 15.Rfd1 
1/2-1/2

[Event "OPEN A"]
[Site "Condom"]
[Date "????.??.??"]
[Round "6.17"]
[White "Iwanesko, Alexandre"]
[Black "Castellani, Florent"]
[Result "1-0"]
[WhiteElo "2101"]
[BlackElo "1777"]
[PlyCount "61"]

1.e4 e5 2.Nf3 Nc6 3.Bb5 a6 4.Ba4 Nf6 5.Qe2 b5 6.Bb3 Be7 7.c3 O-O 8.O-O d6 
9.Rd1 Na5 10.Bc2 c5 11.d4 Qc7 12.d5 Bd7 13.Nbd2 g6 14.Nf1 Nh5 15.Bh6 Rfe8 
16.Ng3 Nf4 17.Qd2 Nc4 18.Qc1 Bf8 19.Bxf4 exf4 20.Qxf4 Nxb2 21.Re1 Nc4 22.
Ng5 Re7 23.Nf5 gxf5 24.exf5 Rxe1+ 25.Rxe1 f6 26.Nxh7 Kxh7 27.Qh4+ Kg8 28.
Qg4+ Kh7 29.Qh5+ Kg8 30.Qg6+ Kh8 31.Re4 1-0

[Event "CONDOM 2012 OpenA "]
[Site "Condom"]
[Date "????.??.??"]
[Round "4.7"]
[White "Marholev, Dimitar"]
[Black "Forestie, Pierre"]
[Result "1-0"]
[WhiteElo "2356"]
[BlackElo "2140"]
[PlyCount "43"]

1.e4 e5 2.Nf3 Nc6 3.Nc3 Nf6 4.a3 a5 5.d4 exd4 6.Nxd4 d6 7.Bb5 Bd7 8.O-O g6
9.Re1 Nxd4 10.Bxd7+ Nxd7 11.Qxd4 f6 12.Qc4 Bg7 13.Nb5 Rc8 14.Bd2 b6 15.f4 
Nf8 16.Na7 Ra8 17.Qc6+ Nd7 18.Nb5 Rc8 19.Qc4 Nf8 20.Bc3 Qd7 21.Rad1 Qf7 
22.Nxd6+ 1-0

[Event "Open B - Condom 2009"]
[Site "Condom"]
[Date "????.??.??"]
[Round "6.19"]
[White "Tancogne, Arthur"]
[Black "Aries, Corentin"]
[Result "1/2-1/2"]
[WhiteElo "1440"]
[BlackElo "1099"]
[PlyCount "34"]

1.e4 e5 2.Nf3 Nc6 3.Bc4 Bc5 4.O-O Nf6 5.d3 h6 6.h3 O-O 7.a3 d6 8.b4 Bb6 9.
Bb3 Be6 10.c4 Re8 11.Nbd2 Qe7 12.Bb2 a6 13.Rc1 Rad8 14.Qe2 Bd7 15.Ba2 Nh5 
16.Nb3 Nf4 17.Qd2 Ne6 1/2-1/2

[Event "OPEN A"]
[Site "Condom"]
[Date "????.??.??"]
[Round "6.7"]
[White "Milnes, Anthony C P"]
[Black "Genova, Lyubka"]
[Result "1/2-1/2"]
[WhiteElo "2063"]
[BlackElo "2209"]
[PlyCount "35"]

1.f4 g6 2.Nf3 Bg7 3.Nc3 d5 4.e3 c6 5.Be2 Nd7 6.O-O e5 7.d4 exf4 8.e4 Ngf6 
9.exd5 Nxd5 10.Nxd5 cxd5 11.Bxf4 O-O 12.c3 Nf6 13.Ne5 Ne4 14.Bf3 Be6 15.
Qc2 f6 16.Nd3 Rc8 17.Rae1 f5 18.Be5 1/2-1/2

[Event "OPEN A"]
[Site "Condom"]
[Date "????.??.??"]
[Round "6.6"]
[White "Schmidt, Raul"]
[Black "Garrel, Alain"]
[Result "1-0"]
[WhiteElo "2377"]
[BlackElo "2131"]
[PlyCount "43"]

1.e4 d5 2.exd5 Qxd5 3.Nf3 Bg4 4.Be2 Nc6 5.d4 O-O-O 6.c4 Qh5 7.Be3 e6 8.
Nbd2 Bb4 9.a3 Bxd2+ 10.Qxd2 Nge7 11.h3 Rd7 12.Qc3 Bxf3 13.Bxf3 Qh4 14.
O-O-O Rhd8 15.Qb3 e5 16.dxe5 Na5 17.Qc3 Rxd1+ 18.Rxd1 Rxd1+ 19.Kxd1 Nec6 
20.Bg4+ Kb8 21.b4 h5 22.Be2 1-0

[Event "OPEN A"]
[Site "Condom"]
[Date "????.??.??"]
[Round "4.6"]
[White "Gertosio, Franck"]
[Black "Mindeguia Guruceaga, Juan Jesus"]
[Result "1-0"]
[WhiteElo "2038"]
[BlackElo "2180"]
[PlyCount "69"]

1.e4 c5 2.Nf3 e6 3.d4 cxd4 4.Nxd4 Nf6 5.Nc3 Nc6 6.Ndb5 d6 7.Bf4 e5 8.Bg5 
a6 9.Na3 b5 10.Nd5 Be7 11.Bxf6 Bxf6 12.c3 Ne7 13.Nc2 Nxd5 14.Qxd5 Rb8 15.
Ne3 O-O 16.Qd3 Bg5 17.Nf5 Bxf5 18.exf5 e4 19.Qd5 Re8 20.Rd1 Bf4 21.g3 Be5 
22.Bg2 b4 23.O-O bxc3 24.bxc3 Bxc3 25.Bxe4 Qa5 26.Qd3 Qe5 27.Bc6 Red8 28.
Rc1 Bb4 29.Bd5 Rd7 30.Rb1 Rb6 31.a3 Bc5 32.Qxa6 Bxf2+ 33.Kxf2 Qd4+ 34.Kg2 
Qxd5+ 35.Kh3 1-0

[Event "OPEN A"]
[Site "Condom"]
[Date "????.??.??"]
[Round "2.38"]
[White "Serre, Jean-Philippe"]
[Black "Pomarleanu, Ana"]
[Result "1-0"]
[WhiteElo "1748"]
[BlackElo "2077"]
[PlyCount "53"]

1.e4 g6 2.d4 Bg7 3.Nf3 c6 4.Bd3 d5 5.c3 Nf6 6.Nbd2 h5 7.O-O Na6 8.Re1 Nc7 
9.Qc2 Be6 10.Ng5 Qd7 11.e5 Ng4 12.Ndf3 O-O-O 13.Nd2 f6 14.exf6 exf6 15.
Nxe6 Nxe6 16.Bxg6 Rde8 17.Bxe8 Rxe8 18.Nf3 Kb8 19.Bd2 Rg8 20.Qf5 Re8 21.
Re2 Bh6 22.Bxh6 Nxh6 23.Qg6 Nf7 24.Rae1 Nfd8 25.Qxf6 Rf8 26.Qh6 Qh7 27.
Qxh7 1-0

[Event "OPEN A"]
[Site "Condom"]
[Date "????.??.??"]
[Round "5.14"]
[White "Mindeguia Guruceaga, Juan Jesus"]
[Black "Cemborain Oricain, Alfonso"]
[Result "1/2-1/2"]
[WhiteElo "2180"]
[BlackElo "2023"]
[PlyCount "21"]

1.d4 d5 2.c3 Nf6 3.e3 e6 4.Bd3 Bd6 5.f4 Nbd7 6.Nf3 O-O 7.O-O b6 8.Bd2 Bb7 
9.Be1 Rc8 10.Nbd2 Qe7 11.Bh4 1/2-1/2

[Event "CONDOM 2012 OpenA "]
[Site "Condom"]
[Date "????.??.??"]
[Round "2.4"]
[White "Karpatchev, Aleksandr"]
[Black "Sanchez, Nicolas"]
[Result "1-0"]
[WhiteElo "2431"]
[BlackElo "2168"]
[PlyCount "67"]

1.e4 c5 2.c3 d5 3.exd5 Qxd5 4.d4 Nc6 5.Nf3 Bg4 6.Be2 cxd4 7.cxd4 e6 8.Nc3 
Qa5 9.h3 Bh5 10.d5 exd5 11.Nd4 Nxd4 12.Bxh5 Nc6 13.O-O Nf6 14.Qb3 Bb4 15.
Re1+ Kf8 16.Rd1 Ne7 17.Bf3 Rd8 18.Bg5 Bxc3 19.bxc3 Rd7 20.Rd4 h6 21.Ra4 
Qc7 22.Bf4 Qc5 23.Be3 Qc7 24.Rxa7 Nc8 25.Ra8 Kg8 26.Bd4 Ne4 27.Re1 Kh7 28.
Bg4 Rdd8 29.Bf5+ Kg8 30.Rxc8 Rxc8 31.Bxc8 Qxc8 32.Qxd5 Nxc3 33.Bxc3 Qxc3 
34.Re8+ 1-0

[Event "CONDOM 2012 OpenA "]
[Site "Condom"]
[Date "????.??.??"]
[Round "5.3"]
[White "Dumitrache, Dragos-Nicolae"]
[Black "Marholev, Dimitar"]
[Result "1/2-1/2"]
[WhiteElo "2447"]
[BlackElo "2356"]
[PlyCount "48"]

1.d4 g6 2.c4 Bg7 3.e4 c5 4.d5 d6 5.Bd3 e6 6.Nc3 exd5 7.cxd5 Ne7 8.h4 h5 9.
Bf4 a6 10.Qa4+ Bd7 11.Qc2 Qc7 12.a4 Bc8 13.Nf3 Nd7 14.O-O O-O 15.Rfd1 Rb8 
16.b3 f6 17.g3 Ne5 18.Bxe5 fxe5 19.Ng5 Bf6 20.Qd2 Bxg5 21.Qxg5 Bg4 22.Rd2 
Bf3 23.Be2 Qd7 24.Bf1 Kg7 1/2-1/2

[Event "Open B - Condom 2009"]
[Site "Condom"]
[Date "????.??.??"]
[Round "1.1"]
[White "Calatrava, Julian"]
[Black "Bielec, Frederic"]
[Result "1-0"]
[WhiteElo "1790"]
[BlackElo "1499"]
[PlyCount "59"]

1.e4 e5 2.Nf3 Nc6 3.Bb5 a6 4.Ba4 Nf6 5.O-O b5 6.Bb3 d6 7.h3 Nxe4 8.Bd5 Bb7
9.Bxe4 Be7 10.Bxc6+ Bxc6 11.Re1 O-O 12.Nc3 f5 13.d3 Bb7 14.Qe2 Bf6 15.Bd2 
Qe7 16.Nd4 Rae8 17.Nxf5 Qf7 18.Qg4 Kh8 19.Ne4 Bd8 20.Nexd6 cxd6 21.Nxd6 
Qxf2+ 22.Kh1 Qxd2 23.Re2 Qh6 24.Nxe8 Rxe8 25.Rf1 Qc6 26.Rf7 Bf6 27.Rf2 Rg8
28.Qh5 Qe6 29.c4 bxc4 30.dxc4 1-0

[Event "CONDOM 2012 OpenA "]
[Site "Condom"]
[Date "????.??.??"]
[Round "3.2"]
[White "Anton, Teodor"]
[Black "Prie, Eric"]
[Result "0-1"]
[WhiteElo "2423"]
[BlackElo "2510"]
[PlyCount "78"]

1.d4 d5 2.c4 dxc4 3.e4 Nf6 4.e5 Nd5 5.Bxc4 Nb6 6.Bb3 Nc6 7.Ne2 Bf5 8.Nbc3 
e6 9.O-O Qd7 10.a3 O-O-O 11.Be3 f6 12.exf6 gxf6 13.Qc1 Rg8 14.Ng3 Qg7 15.
Rd1 h5 16.Bh6 Qg4 17.Bxf8 h4 18.Bc5 hxg3 19.fxg3 Nd7 20.Qe3 Nxc5 21.dxc5 
Nd4 22.Ba4 e5 23.c6 bxc6 24.Rf1 Rd6 25.Rf2 Qg6 26.Ne2 Bc2 27.b3 Rgd8 28.
Rc1 Nxe2+ 29.Qxe2 Bd3 30.Qe3 Kb7 31.b4 Qe4 32.Qc5 a6 33.Rf3 Bb5 34.Bxb5 
axb5 35.Rcf1 Rd2 36.R3f2 R8d4 37.Qc3 Rxf2 38.Rxf2 Rd3 39.Qa1 Qd5 0-1

[Event "OPEN A"]
[Site "Condom"]
[Date "????.??.??"]
[Round "4.1"]
[White "Cornette, Matthieu"]
[Black "David, Vincent"]
[Result "1/2-1/2"]
[WhiteElo "2578"]
[BlackElo "2399"]
[PlyCount "51"]

1.e4 e6 2.d4 d5 3.e5 c5 4.c3 Nc6 5.Nf3 Qb6 6.Bd3 cxd4 7.cxd4 Bd7 8.O-O 
Nxd4 9.Nbd2 Ne7 10.Nxd4 Qxd4 11.Nf3 Qb6 12.Be3 Qa5 13.b4 Qd8 14.h4 g6 15.
Bg5 Bg7 16.Re1 h6 17.Bf4 a6 18.Qd2 Bb5 19.Bxb5+ axb5 20.Nd4 Qd7 21.Qe2 Nf5
22.Nxb5 O-O 23.h5 g5 24.Bh2 Rfc8 25.a4 Rc6 26.a5 1/2-1/2

[Event "OPEN A"]
[Site "Condom"]
[Date "????.??.??"]
[Round "1.2"]
[White "Inkiov, Ventzislav"]
[Black "Labat, Jory"]
[Result "1-0"]
[WhiteElo "2473"]
[BlackElo "1923"]
[PlyCount "57"]

1.e4 e6 2.d4 d5 3.e5 c5 4.c3 Nc6 5.Nf3 Qb6 6.Be2 Nh6 7.b3 cxd4 8.cxd4 Bb4+
9.Kf1 O-O 10.a3 Be7 11.Nc3 f6 12.Na4 Qc7 13.Bxh6 gxh6 14.Qc1 fxe5 15.dxe5 
Rxf3 16.gxf3 Qxe5 17.f4 Qf6 18.Rg1+ Kh8 19.Qc3 e5 20.fxe5 Nxe5 21.Rg3 Bd7 
22.Re1 Rc8 23.Qd4 b5 24.Nc3 Bc5 25.Nxd5 Bxd4 26.Nxf6 Rf8 27.Rd1 Bxf2 28.
Nxd7 Rf5 29.Kg2 1-0

[Event "OPEN A"]
[Site "Condom"]
[Date "????.??.??"]
[Round "8.2"]
[White "Bujisho, Benjamin"]
[Black "Cornette, Matthieu"]
[Result "1/2-1/2"]
[WhiteElo "2404"]
[BlackElo "2578"]
[PlyCount "46"]

1.d4 Nf6 2.Nf3 d5 3.c4 e6 4.e3 a6 5.a3 c5 6.dxc5 Bxc5 7.b4 Ba7 8.Bb2 O-O 
9.Be2 Qe7 10.O-O Rd8 11.Nbd2 dxc4 12.Bxc4 b5 13.Bb3 Bb7 14.Qe2 Nbd7 15.
Rac1 Nd5 16.Rc2 Rac8 17.Rfc1 Rxc2 18.Rxc2 Bb8 19.Nf1 f5 20.Qe1 N7f6 21.Ne5
Qe8 22.Qc1 Bd6 23.Ng3 Rc8 1/2-1/2

[Event "CONDOM 2012 OpenA "]
[Site "Condom"]
[Date "????.??.??"]
[Round "4.9"]
[White "Roques, Olivier"]
[Black "Iwanesko, Alexandre"]
[Result "0-1"]
[WhiteElo "1913"]
[BlackElo "2213"]
[PlyCount "95"]

1.c4 Nf6 2.Nc3 g6 3.g3 Bg7 4.Bg2 O-O 5.e4 d6 6.Nge2 c5 7.O-O Nc6 8.d3 Ne8 
9.Be3 Nc7 10.d4 cxd4 11.Nxd4 Ne6 12.Nb3 Ne5 13.Qe2 Nc7 14.h3 Bd7 15.Rfd1 
Qe8 16.f4 Nc6 17.c5 dxc5 18.Nxc5 Bc8 19.Nd5 Nxd5 20.exd5 Nd8 21.Rac1 b6 
22.d6 exd6 23.Bxa8 dxc5 24.Re1 Ne6 25.Bf2 Bd7 26.Bd5 Qd8 27.Bg2 Re8 28.Qd2
Nd4 29.b4 Rxe1+ 30.Rxe1 Bxh3 31.Qe3 Be6 32.Rd1 Qc8 33.bxc5 bxc5 34.Qa3 Qc7
35.Qa6 Qb6 36.Qxb6 axb6 37.Rb1 b5 38.Kh2 Bxa2 39.Rc1 Bc4 40.Bf1 Bxf1 41.
Rxf1 Nb3 42.Bxc5 Nxc5 43.Rb1 h5 44.Rxb5 Ne4 45.f5 Kh7 46.Rb7 gxf5 47.Rxf7 
Kg6 48.Rb7 0-1

[Event "OPEN A"]
[Site "Condom"]
[Date "????.??.??"]
[Round "6.15"]
[White "Benmesbah, Natacha"]
[Black "Delay, Guillaume"]
[Result "1-0"]
[WhiteElo "2151"]
[BlackElo "1994"]
[PlyCount "141"]

1.e4 c5 2.Nf3 d6 3.d4 Nf6 4.Nc3 cxd4 5.Nxd4 g6 6.Be3 Bg7 7.f3 O-O 8.Qd2 
Nc6 9.g4 Be6 10.Nxe6 fxe6 11.O-O-O Ne5 12.Be2 Qa5 13.Kb1 Rac8 14.Nb5 Qxd2 
15.Bxd2 a6 16.Nd4 Kf7 17.b3 Nfd7 18.Bc1 Nc5 19.g5 Nc6 20.c3 b5 21.Bf1 e5 
22.Nc2 Ne6 23.Bh3 Rb8 24.Bxe6+ Kxe6 25.Rhf1 Kd7 26.Ne3 Nd8 27.Nd5 Ne6 28.
h4 Rf7 29.Ba3 Rd8 30.Rd2 Nf4 31.c4 Nxd5 32.Rxd5 Rf4 33.cxb5 axb5 34.Rxb5 
Kc6 35.Rb4 Rxh4 36.Rc1+ Kd7 37.Rb7+ Ke8 38.Rcc7 Bf8 39.Bc1 Rh3 40.Rc3 d5 
41.exd5 e4 42.Rc2 Rxf3 43.Re2 Rxd5 44.Rxe4 Rf1 45.Rb8+ Kf7 46.Rf4+ Rf5 47.
Rxf5+ Rxf5 48.a4 h5 49.a5 e5 50.a6 Bc5 51.a7 Bxa7 52.Rb7+ Ke6 53.Rxa7 h4 
54.Rh7 Rf3 55.Rxh4 Rxb3+ 56.Kc2 Rg3 57.Ra4 Kf5 58.Ra6 e4 59.Rf6+ Kg4 60.
Re6 Kf5 61.Re8 Rd3 62.Rf8+ Kg4 63.Rf4+ Kh5 64.Rxe4 Rc3+ 65.Kd1 Rc2 66.Re2 
Rc3 67.Rg2 Rc5 68.Be3 Ra5 69.Ke2 Rf5 70.Rh2+ Kg4 71.Rh6 1-0

[Event "CONDOM 2012 OpenA "]
[Site "Condom"]
[Date "????.??.??"]
[Round "4.8"]
[White "Ouerk, Yanis"]
[Black "Favarel, Antoine"]
[Result "0-1"]
[WhiteElo "2177"]
[BlackElo "2267"]
[PlyCount "60"]

1.d4 Nf6 2.c4 e6 3.Nf3 d5 4.g3 dxc4 5.Bg2 Bd7 6.Ne5 Bc6 7.Nxc6 Nxc6 8.Qa4 
Qd7 9.Qxc4 O-O-O 10.O-O Qxd4 11.Qc2 Nd5 12.Nc3 Qc4 13.Bxd5 exd5 14.Qf5+ 
Rd7 15.Bf4 Nd4 16.Qh3 Bb4 17.Rac1 Bxc3 18.Rfe1 Bxe1 19.Rxc4 dxc4 20.Be5 
Ne6 21.Qg4 Re8 22.Qxc4 f6 23.Bc3 Bxc3 24.bxc3 h6 25.h4 Ree7 26.h5 b6 27.a4
a5 28.f4 Nc5 29.Qb5 Rd2 30.Qc6 Kb8 0-1

[Event "CONDOM 2012 OpenA "]
[Site "Condom"]
[Date "????.??.??"]
[Round "1.4"]
[White "Garrel, Alain"]
[Black "Karpatchev, Aleksandr"]
[Result "0-1"]
[WhiteElo "2038"]
[BlackElo "2431"]
[PlyCount "48"]

1.d4 d5 2.Bf4 c5 3.e3 Nc6 4.Nf3 Nf6 5.c3 Qb6 6.Qb3 c4 7.Qxb6 axb6 8.Nbd2 
b5 9.Be2 e6 10.O-O b4 11.Ne5 Nxe5 12.dxe5 Nd7 13.e4 b5 14.Bf3 Bb7 15.exd5 
exd5 16.e6 fxe6 17.Rfe1 bxc3 18.bxc3 Nc5 19.Bg4 Bc8 20.Be3 Nd3 21.Re2 Bd6 
22.Bh5+ g6 23.Bd4 O-O 24.Bf3 Bd7 0-1

[Event "CONDOM 2012 OpenA "]
[Site "Condom"]
[Date "????.??.??"]
[Round "5.7"]
[White "Bressac, Stephane"]
[Black "Boukhris-Ferre, Yacine"]
[Result "1-0"]
[WhiteElo "2320"]
[BlackElo "2057"]
[PlyCount "99"]

1.e4 Nf6 2.e5 Nd5 3.d4 d6 4.c4 Nb6 5.exd6 cxd6 6.Nc3 g6 7.Be3 Bg7 8.Rc1 
O-O 9.b3 f5 10.g3 Nc6 11.Bg2 e5 12.dxe5 dxe5 13.Qxd8 Rxd8 14.Nd5 Nxd5 15.
Bxd5+ Kh8 16.Bg5 Re8 17.Ne2 Nb4 18.O-O Nxd5 19.cxd5 b6 20.Rc7 h6 21.Be7 
Ba6 22.Re1 Rec8 23.d6 Rxc7 24.dxc7 Kg8 25.Nc3 Kf7 26.Bd8 Bf6 27.Rd1 e4 28.
Bxf6 Kxf6 29.Rd8 Rc8 30.Nb5 Ke7 31.Rxc8 Bxc8 32.Nxa7 Kd7 33.Nxc8 Kxc8 34.
f3 exf3 35.Kf2 Kxc7 36.Kxf3 Kc6 37.Kf4 Kd5 38.Ke3 Kc5 39.a3 Kd5 40.Kd3 Kc5
41.Kc3 g5 42.a4 f4 43.gxf4 gxf4 44.b4+ Kd5 45.Kd3 f3 46.Ke3 Kc4 47.a5 f2 
48.Kxf2 bxa5 49.bxa5 Kb5 50.Kg3 1-0

[Event "CONDOM 2012 OpenA "]
[Site "Condom"]
[Date "????.??.??"]
[Round "2.7"]
[White "Manole, Stefan"]
[Black "Carmaciu, Lucian-Catalin"]
[Result "0-1"]
[WhiteElo "2059"]
[BlackElo "2386"]
[PlyCount "72"]

1.d4 Nf6 2.Nf3 d6 3.e3 Bg4 4.Be2 Nbd7 5.c4 e5 6.Nc3 c6 7.O-O Be7 8.Nd2 
Bxe2 9.Qxe2 O-O 10.b3 exd4 11.exd4 d5 12.Bb2 Re8 13.Qf3 dxc4 14.bxc4 Qb6 
15.Rab1 Qa6 16.Ba1 Nb6 17.c5 Nbd5 18.Nxd5 Nxd5 19.Qb3 b5 20.cxb6 axb6 21.
Nc4 b5 22.Ne3 Nxe3 23.fxe3 Qxa2 24.Qc3 Qd5 25.e4 Qxe4 26.d5 Bf6 27.Rxf6 
Qxb1+ 28.Rf1 Rxa1 29.Rxb1 Rxb1+ 30.Kf2 cxd5 31.Qc6 Rd8 32.Qc7 Rf8 33.Qc5 
Rb2+ 34.Kf3 Rb3+ 35.Kf4 Rd8 36.Ke5 Rb2 0-1

[Event "OPEN A"]
[Site "Condom"]
[Date "????.??.??"]
[Round "5.34"]
[White "Nooshian, Kevin"]
[Black "Morel, Jean-Marc"]
[Result "1-0"]
[WhiteElo "1823"]
[BlackElo "1955"]
[PlyCount "63"]

1.e4 c6 2.d4 d5 3.exd5 cxd5 4.c3 Nc6 5.Bd3 g6 6.Bf4 Bf5 7.Bxf5 gxf5 8.Nf3 
e6 9.Qb3 Qb6 10.Qxb6 axb6 11.O-O Nf6 12.Ne5 Nh5 13.Bd2 b5 14.f4 b4 15.Nxc6
bxc3 16.Bxc3 bxc6 17.Nd2 c5 18.Kh1 Rg8 19.g3 Rg6 20.Nf3 Rh6 21.Kg2 Nf6 22.
dxc5 Ng4 23.Bd4 Ra4 24.Rfd1 f6 25.h3 Rxd4 26.Rxd4 Ne3+ 27.Kh2 Nc2 28.Rc1 
Nxd4 29.Nxd4 e5 30.c6 Kd8 31.c7+ Kc8 32.Nb5 1-0

[Event "Open B - Condom 2009"]
[Site "Condom"]
[Date "????.??.??"]
[Round "1.11"]
[White "Locatelli, Claude"]
[Black "Pokee, Michele"]
[Result "1-0"]
[WhiteElo "1604"]
[BlackElo "1400"]
[PlyCount "63"]

1.d4 d5 2.c4 c6 3.Nf3 Bf5 4.cxd5 cxd5 5.Nc3 e6 6.e3 Bb4 7.Bb5+ Nc6 8.O-O 
Bxc3 9.bxc3 Qa5 10.Qb3 Ne7 11.Bd2 Qb6 12.Ne5 f6 13.Nf3 O-O 14.c4 a6 15.Ba4
Qxb3 16.Bxb3 Be4 17.Ne1 dxc4 18.Bxc4 Bd5 19.Bd3 e5 20.e4 Bf7 21.d5 Nd4 22.
Nc2 Nxc2 23.Bxc2 Rac8 24.Bb3 Ng6 25.g3 Rfd8 26.Ba5 Rd6 27.Rac1 Rxc1 28.
Rxc1 b6 29.Rc8+ Nf8 30.Bb4 Be6 31.Rxf8+ Kxf8 32.Bxd6+ 1-0

[Event "CONDOM 2012 OpenA "]
[Site "Condom"]
[Date "????.??.??"]
[Round "3.1"]
[White "Dgebuadze, Alexandre"]
[Black "Bujisho, Benjamin"]
[Result "1-0"]
[WhiteElo "2563"]
[BlackElo "2391"]
[PlyCount "129"]

1.e4 c5 2.Nf3 d6 3.Bb5+ Bd7 4.Bxd7+ Qxd7 5.c4 Nf6 6.Nc3 Nc6 7.O-O g6 8.d4 
cxd4 9.Nxd4 Bg7 10.Nde2 O-O 11.f3 Rfc8 12.Bg5 Qe8 13.Qd2 a6 14.Bxf6 Bxf6 
15.Nd5 Bg7 16.Nb6 Rab8 17.Nxc8 Rxc8 18.Rac1 Qd8 19.Kh1 Qb6 20.b3 a5 21.Nc3
Qb4 22.Rfd1 h5 23.Qe3 Qa3 24.Rc2 Nb4 25.Rcd2 Bxc3 26.Qxc3 a4 27.Qc1 Qxc1 
28.Rxc1 axb3 29.axb3 Ra8 30.h4 b6 31.Rdd1 Ra3 32.Ra1 Rxb3 33.Rdb1 Rxb1+ 
34.Rxb1 Nd3 35.Rxb6 Ne5 36.Rb7 Kf8 37.Rc7 Ke8 38.c5 dxc5 39.Rxc5 f6 40.Rb5
Kf7 41.Kg1 Nd3 42.Kf1 Ne5 43.Ke2 Nc4 44.Kd3 Nd6 45.Rb8 Ke6 46.Kd4 Kf7 47.
Kd5 Ne8 48.Rc8 Ng7 49.g3 Ne8 50.e5 Ng7 51.exf6 Nf5 52.g4 hxg4 53.fxg4 Ne3+
54.Ke4 Nxg4 55.fxe7 Nf6+ 56.Kf4 Nd5+ 57.Kg5 Nxe7 58.Rc7 Ke6 59.Rb7 Kf7 60.
Rb6 Kg8 61.Re6 Kf7 62.Rd6 Kg7 63.Rf6 Kg8 64.Kh6 Kh8 65.Rf7 1-0

[Event "OPEN A"]
[Site "Condom"]
[Date "????.??.??"]
[Round "6.2"]
[White "Genov, Petar"]
[Black "David, Vincent"]
[Result "1/2-1/2"]
[WhiteElo "2478"]
[BlackElo "2399"]
[PlyCount "46"]

1.c4 e6 2.Nc3 d5 3.d4 dxc4 4.e4 c5 5.d5 Nf6 6.Bxc4 exd5 7.Nxd5 Nxd5 8.Bxd5
Be7 9.Ne2 O-O 10.O-O Na6 11.Nc3 Qb6 12.Qe2 Be6 13.Bf4 Nb4 14.Rad1 Rfe8 15.
Qb5 Nc6 16.Qxb6 axb6 17.Nb5 Bd8 18.Bg3 h5 19.h4 Ra4 20.Nd6 Rf8 21.Nxb7 Nd4
22.Rfe1 Ra7 23.Nxd8 Bxd5 1/2-1/2

[Event "OPEN A"]
[Site "Condom"]
[Date "????.??.??"]
[Round "7.12"]
[White "Gras, Delphine"]
[Black "Tasic, Branislav"]
[Result "1/2-1/2"]
[WhiteElo "1985"]
[BlackElo "2087"]
[PlyCount "64"]

1.e4 e6 2.d4 d5 3.Nc3 Bb4 4.e5 c5 5.a3 Bxc3+ 6.bxc3 Qa5 7.Bd2 cxd4 8.cxd4 
Qa4 9.Qg4 Ne7 10.Bd3 h5 11.Qf4 b6 12.Nf3 Ba6 13.O-O Bxd3 14.cxd3 Nbc6 15.
Ng5 Nf5 16.Be3 Rc8 17.Rfc1 Ke7 18.Nf3 Qa6 19.Rc3 Kd7 20.Rac1 Nce7 21.Ng5 
Rxc3 22.Rxc3 Qa4 23.h3 Qd1+ 24.Kh2 Ng6 25.Qf3 Qxf3 26.Nxf3 f6 27.Bd2 h4 
28.g4 hxg3+ 29.fxg3 Rc8 30.Rxc8 Kxc8 31.h4 Kd7 32.h5 Nh8 1/2-1/2

[Event "OPEN A"]
[Site "Condom"]
[Date "????.??.??"]
[Round "6.49"]
[White "Castin, Alexandre"]
[Black "Broly, Mathilde"]
[Result "0-1"]
[WhiteElo "1836"]
[BlackElo "1660"]
[PlyCount "30"]

1.e4 c5 2.Nf3 Nc6 3.c3 g6 4.d4 cxd4 5.cxd4 d5 6.e5 Bg7 7.Nc3 Bg4 8.Be3 Nh6
9.h3 Bxf3 10.Qxf3 Nf5 11.Bd3 Nfxd4 12.Qxd5 Qxd5 13.Nxd5 Bxe5 14.f4 Bd6 15.
Rc1 O-O 0-1

[Event "OPEN A"]
[Site "Condom"]
[Date "????.??.??"]
[Round "7.39"]
[White "Pomarleanu, Ana"]
[Black "Dubois, Emmanuelle"]
[Result "1-0"]
[WhiteElo "2077"]
[BlackElo "1751"]
[PlyCount "69"]

1.e4 c5 2.Nf3 Nc6 3.d3 Nf6 4.g3 e6 5.Bg2 d5 6.Nbd2 dxe4 7.dxe4 Be7 8.O-O 
O-O 9.c3 Qc7 10.Re1 b5 11.e5 Nd7 12.Qe2 Rb8 13.b3 a5 14.Bb2 Ba6 15.h4 Rfd8
16.Rad1 Nb6 17.Ne4 c4 18.Bc1 Nd5 19.Qc2 b4 20.bxc4 Bxc4 21.cxb4 Ncxb4 22.
Qa4 Nd3 23.Re2 Nxe5 24.Rc2 Nxf3+ 25.Bxf3 Rb4 26.Qa3 Rb1 27.Qa4 Rb4 28.Qa3 
Rb1 29.Rxc4 Qxc4 30.Qxe7 Rc8 31.Nd6 Nxe7 32.Nxc4 h6 33.Be4 Nd5 34.Bxb1 
Rxc4 35.Bd2 1-0

[Event "OPEN A"]
[Site "Condom"]
[Date "????.??.??"]
[Round "7.8"]
[White "Ouerk, Yanis"]
[Black "Congiu, Mathilde"]
[Result "1-0"]
[WhiteElo "2050"]
[BlackElo "2169"]
[PlyCount "89"]

1.e4 d5 2.exd5 Qxd5 3.Nc3 Qa5 4.d4 Nf6 5.Nf3 c6 6.Bc4 Bf5 7.Bd2 e6 8.Nd5 
Qd8 9.Nxf6+ gxf6 10.Bb3 Rg8 11.Qe2 Na6 12.O-O-O Qc7 13.Nh4 O-O-O 14.Nxf5 
exf5 15.Qf3 Qd7 16.Bf4 Nc7 17.Bxc7 Kxc7 18.c3 Bd6 19.Bc2 f4 20.Bxh7 Rg5 
21.Bc2 Rdg8 22.g3 b5 23.Kb1 a5 24.h4 Rg4 25.h5 fxg3 26.Bf5 Rf4 27.Qxf4 
Bxf4 28.Bxd7 g2 29.Bxc6 Kxc6 30.Rhg1 Kd5 31.Rde1 Bh2 32.h6 Bxg1 33.Rxg1 
Ke4 34.h7 Rh8 35.Rxg2 Rxh7 36.Rg3 Rh2 37.Re3+ Kf4 38.Re2 a4 39.Kc2 Kf3 40.
Rd2 f5 41.d5 f4 42.d6 Rh8 43.d7 Rd8 44.b3 a3 45.c4 1-0

[Event "OPEN A"]
[Site "Condom"]
[Date "????.??.??"]
[Round "5.32"]
[White "Pomarleanu, Ana"]
[Black "Dupouy, Francois"]
[Result "0-1"]
[WhiteElo "2077"]
[BlackElo "1759"]
[PlyCount "68"]

1.e4 e6 2.d3 d5 3.Nd2 c5 4.Ngf3 Nc6 5.g3 Be7 6.Bg2 Nf6 7.O-O O-O 8.Re1 b5 
9.c3 a5 10.e5 Nd7 11.c4 Ba6 12.cxd5 exd5 13.d4 c4 14.Nf1 b4 15.Ne3 Nb6 16.
Nf5 a4 17.N3h4 Bxh4 18.gxh4 Ne7 19.Bg5 Re8 20.Qf3 Qd7 21.Nxg7 Kxg7 22.Qf6+
Kg8 23.Bh6 Nf5 24.Re3 Nxh6 25.Qxh6 Re6 26.Qf4 Rg6 27.Kh1 Qg4 28.Qxg4 Rxg4 
29.Bh3 Rxd4 30.e6 Rd3 31.Rg1+ Kh8 32.Re5 fxe6 33.Bxe6 d4 34.Reg5 Bb7+ 0-1

[Event "OPEN A"]
[Site "Condom"]
[Date "????.??.??"]
[Round "3.39"]
[White "Ortega Lopez, Mikel"]
[Black "Arcusa, Michel"]
[Result "0-1"]
[WhiteElo "1752"]
[BlackElo "1898"]
[PlyCount "100"]

1.e4 c5 2.Nf3 d6 3.d4 cxd4 4.Nxd4 Nf6 5.Nc3 a6 6.Bc4 e6 7.a3 Qc7 8.Bb3 
Nbd7 9.Be3 Nc5 10.f3 Nxb3 11.Qb1 Nxa1 12.Qxa1 b5 13.O-O Be7 14.Qd1 O-O 15.
f4 Bb7 16.f5 e5 17.Nde2 Nxe4 18.Nxe4 Bxe4 19.c3 Bb7 20.Ng3 Qc6 21.Qe2 a5 
22.Nh5 Qc4 23.Qf2 Qg4 24.Ng3 Bh4 25.b3 Bd5 26.Rb1 Bxb3 27.Qd2 Bxg3 28.hxg3
Qc4 29.Rf1 f6 30.Qxd6 Qxc3 31.Bf2 Bc4 32.Re1 Qd3 33.Qc6 Rfc8 34.Qb6 Qxa3 
35.Re3 Qc5 36.Qxc5 Rxc5 37.Ra3 Rd5 38.g4 b4 39.Ra1 Rad8 40.Kh2 b3 41.Bb6 
Ra8 42.Rb1 a4 43.g5 a3 44.gxf6 gxf6 45.Bf2 Bd3 46.Rxb3 a2 47.Ra3 Rxa3 48.
Bd4 Rxd4 49.g4 Bb5 50.g5 Rd2+ 0-1

[Event "OPEN A"]
[Site "Condom"]
[Date "????.??.??"]
[Round "5.1"]
[White "Inkiov, Ventzislav"]
[Black "Cornette, Matthieu"]
[Result "0-1"]
[WhiteElo "2473"]
[BlackElo "2578"]
[PlyCount "58"]

1.d4 Nf6 2.c4 e6 3.Nc3 Bb4 4.e3 b6 5.Ne2 Ba6 6.a3 Be7 7.Nf4 d5 8.cxd5 Bxf1
9.Kxf1 exd5 10.Qf3 c6 11.g4 O-O 12.h4 Re8 13.g5 Ne4 14.Nxe4 dxe4 15.Qg4 
Qd7 16.Rg1 Qxg4 17.Rxg4 Nd7 18.Bd2 f5 19.Rg2 Bd6 20.Ne2 b5 21.Nc3 Nb6 22.
Ke2 a6 23.g6 h6 24.Rf1 c5 25.dxc5 Bxc5 26.f3 exf3+ 27.Rxf3 Nc4 28.b3 Nxd2 
29.Kxd2 Rad8+ {suite illisible} 0-1

[Event "OPEN A"]
[Site "Condom"]
[Date "????.??.??"]
[Round "5.41"]
[White "Pinault, Mailys"]
[Black "Muratet, Lucas"]
[Result "1/2-1/2"]
[WhiteElo "1741"]
[BlackElo "1970"]
[PlyCount "32"]

1.e4 c5 2.Nc3 e6 3.g3 d5 4.d3 Nf6 5.Bg2 Be7 6.Nge2 O-O 7.O-O Nc6 8.d4 dxe4
9.dxc5 Bxc5 10.Nxe4 Nxe4 11.Bxe4 e5 12.Nc3 Be6 13.Bxc6 bxc6 14.Qe2 Qc7 15.
Ne4 Be7 16.Be3 f6 1/2-1/2

[Event "OPEN A"]
[Site "Condom"]
[Date "????.??.??"]
[Round "2.21"]
[White "Mindeguia Guruceaga, Juan Jesus"]
[Black "Riviere, Frederic"]
[Result "1-0"]
[WhiteElo "2180"]
[BlackElo "1860"]
[PlyCount "63"]

1.e4 e5 2.d4 exd4 3.Nf3 Nc6 4.Nxd4 Nxd4 5.Qxd4 d6 6.Nc3 Nf6 7.Bf4 Be7 8.
O-O-O O-O 9.f3 Be6 10.g4 Nd7 11.Nd5 Bg5 12.Bxg5 Qxg5+ 13.f4 Qd8 14.Ne3 Qf6
15.f5 Qxd4 16.Rxd4 Bxa2 17.b3 Nc5 18.Kb2 Bxb3 19.cxb3 Rfe8 20.Bg2 Rad8 21.
Rhd1 a5 22.g5 b6 23.h4 Rd7 24.Ng4 Rde7 25.f6 Re6 26.fxg7 Kxg7 27.Nf6 Rb8 
28.Bh3 Re7 29.Bf5 h6 30.Nd5 Re5 31.gxh6+ Kxh6 32.Rg1 1-0